| 000 -LEADER |
| fixed length control field |
01309 a2200217 4500 |
| 003 - CONTROL NUMBER IDENTIFIER |
| control field |
NUST |
| 005 - DATE AND TIME OF LATEST TRANSACTION |
| control field |
20221107174743.0 |
| 010 ## - LIBRARY OF CONGRESS CONTROL NUMBER |
| LC control number |
77030718 |
| 020 ## - INTERNATIONAL STANDARD BOOK NUMBER |
| International Standard Book Number |
0070155097 : |
| 040 ## - CATALOGING SOURCE |
| Transcribing agency |
Nust |
| 082 00 - DEWEY DECIMAL CLASSIFICATION NUMBER |
| Classification number |
511.33,DAV |
| 100 1# - MAIN ENTRY--PERSONAL NAME |
| Personal name |
Davio, Marc. |
| 9 (RLIN) |
102440 |
| 245 10 - TITLE STATEMENT |
| Title |
Discrete and switching functions / |
| Statement of responsibility, etc. |
Marc Davio, Jean-Pierre Deschamps, Andr⥠Thayse ; with a foreword by Raymond T. Yeh. |
| 260 ## - PUBLICATION, DISTRIBUTION, ETC. |
| Place of publication, distribution, etc. |
St. Saphorin, Switzerland : |
| Name of publisher, distributor, etc. |
Georgi Pub. Co. ; |
| Place of publication, distribution, etc. |
New York : |
| Name of publisher, distributor, etc. |
McGraw-Hill International Book Co., |
| Date of publication, distribution, etc. |
c1978. |
| 300 ## - PHYSICAL DESCRIPTION |
| Extent |
xx, 729 p. : |
| Other physical details |
ill. ; |
| Dimensions |
24 cm. |
| 505 ## - FORMATTED CONTENTS NOTE |
| Formatted contents note |
Introduction (Page-xv), Algebraic Structure (Page-1), Elementary theory of Discrete Functions (Page-73), Lattice Expression of Discrete Functions (Page-129), Ring Expression of Discrete Functions (Page-237), Field Expression of Galois Functions (Page-317), Minimization of ring Expansions(Page-353), Difference ad Differential Calculus for Discrete Functions (Page-395), The Optimal Covering Problems (Page-457), Functional Competence (Page-503), Complexity of Logic Functions (Page-525), Decompositions (Page-545), Unateness (Page-589), Symmetry (Page-637). |
| 650 #0 - SUBJECT ADDED ENTRY--TOPICAL TERM |
| Topical term or geographic name entry element |
Switching theory. |
| 9 (RLIN) |
82877 |
| 700 1# - ADDED ENTRY--PERSONAL NAME |
| Personal name |
Deschamps, Jean-Pierre, |
| Dates associated with a name |
1945- |
| 9 (RLIN) |
102441 |
| 700 1# - ADDED ENTRY--PERSONAL NAME |
| Personal name |
Thayse, Andr⥬ |
| Dates associated with a name |
1940- |
| 9 (RLIN) |
102442 |
| 942 ## - ADDED ENTRY ELEMENTS (KOHA) |
| Source of classification or shelving scheme |
|
| Koha item type |
Book |
| Call number prefix |
511.33,DAV |